Ernest Renan : (Record no. 165092)

MARC details
000 -LEADER
campo de control de longitud fija 00616nam a22002055i 4500
001 - NÚMERO DE CONTROL
campo de control 165092
003 - IDENTIFICADOR DE NÚMERO DE CONTROL
campo de control ES-MaACL
005 - FECHA Y HORA DE LA ÚLTIMA TRANSACCIÓN
campo de control 20250702054833.0
008 - DATOS DE LONGITUD FIJA--INFORMACIÓN GENERAL
campo de control de longitud fija 991202s1895 fr |||| |bfre d
080 ## - NÚMERO DE LA CLASIFICACIÓN DECIMAL UNIVERSAL
Número de la Clasificación Decimal Universal 929 Renan, Ernest
100 1# - ENTRADA PRINCIPAL--NOMBRE DE PERSONA
Nombre de persona Séailles, Gabriel.
9 (RLIN) 104982
245 10 - MENCIÓN DEL TÍTULO
Título Ernest Renan :
Resto del título essai de biographie psychologique /
Mención de responsabilidad, etc. Gabriel Séailles.
250 ## - MENCION DE EDICION
Mención de edición 2e éd.
260 ## - PUBLICACIÓN, DISTRIBUCIÓN, ETC.
Lugar de publicación, distribución, etc. Paris :
Nombre del editor, distribuidor, etc. Perrin et Cie.,
Fecha de publicación, distribución, etc. 1895.
300 ## - DESCRIPCIÓN FÍSICA
Extensión XII, 362 p. ;
Dimensiones 19 cm.
600 14 - PUNTO DE ACCESO ADICIONAL DE MATERIA--NOMBRE DE PERSONA
Nombre de persona Renan, Ernest,
Fechas asociadas al nombre 1823-1892
9 (RLIN) 96168
852 4# - LOCALIZACIÓN
Ubicación ES-MaACL
Número de control de estantería F-5920
852 4# - LOCALIZACIÓN
Ubicación ES-MaACL
Número de control de estantería G-9031
Holdings
Estatus retirado Estado de pérdida Estado de daño No para préstamo Colección Biblioteca de origen Biblioteca actual Ubicación en estantería Fecha de adquisición Fuente de adquisición Total de préstamos Signatura topográfica completa Código de barras Visto por última vez Precio de reemplazo Tipo de ítem Koha
        Libros del s. XIX Biblioteca del Ateneo de Madrid Biblioteca del Ateneo de Madrid Depósito 2 17/01/2008     F-5920 1173103 23/02/2023 23/02/2023 Libro impreso antiguo
        Libros del s. XIX Biblioteca del Ateneo de Madrid Biblioteca del Ateneo de Madrid Sala Pecera Planta 3 17/01/2008     G-9031 1173104 23/02/2023 23/02/2023 Libro impreso antiguo